<?xml version="1.0" encoding="UTF-8"?>
<collection xmlns="http://www.loc.gov/MARC21/slim">
<record>
  <controlfield tag="001">309964</controlfield>
  <controlfield tag="005">20230204173950.0</controlfield>
  <datafield tag="035" ind1=" " ind2=" ">
    <subfield code="a">G:(GEPRIS)45810042</subfield>
  </datafield>
  <datafield tag="024" ind1="7" ind2=" ">
    <subfield code="a">G:(GEPRIS)45810042</subfield>
    <subfield code="d">45810042</subfield>
  </datafield>
  <datafield tag="040" ind1=" " ind2=" ">
    <subfield code="a">GEPRIS</subfield>
    <subfield code="c">http://gepris.its.kfa-juelich.de</subfield>
  </datafield>
  <datafield tag="150" ind1=" " ind2=" ">
    <subfield code="a">Structure-based Drug Design an essentiellen Enzymen von pathogenen Erregern (B07)</subfield>
    <subfield code="y">2007 - 2015</subfield>
  </datafield>
  <datafield tag="371" ind1=" " ind2=" ">
    <subfield code="a">Professorin Dr. Caroline Kisker</subfield>
  </datafield>
  <datafield tag="450" ind1=" " ind2=" ">
    <subfield code="a">SFB 630 B07</subfield>
    <subfield code="w">d</subfield>
    <subfield code="y">2007 - 2015</subfield>
  </datafield>
  <datafield tag="510" ind1="1" ind2=" ">
    <subfield code="a">Deutsche Forschungsgemeinschaft</subfield>
    <subfield code="0">I:(DE-588b)2007744-0</subfield>
    <subfield code="b">DFG</subfield>
  </datafield>
  <datafield tag="550" ind1=" " ind2=" ">
    <subfield code="0">G:(GEPRIS)5485822</subfield>
    <subfield code="a">SFB 630: Erkennung, Gewinnung und funktionale Analyse von Wirkstoffen gegen Infektionskrankheiten</subfield>
    <subfield code="w">t</subfield>
  </datafield>
  <datafield tag="680" ind1=" " ind2=" ">
    <subfield code="a">Basierend auf neuen Schätzungen der Welt-Gesundheits-Organisation ist ein Drittel der Weltbevölke-rung mit dem Tuberkuloseerreger infiziert und etwa 10% der Infizierten entwickeln eine aktive Infektion. Mehr als zwei Millionen Menschen sterben jährlich auf Grund einer Tuberkuloseinfektion. Im Mittelpunkt des Teilprojektes steht die Analyse essentieller Proteine der Fettsäurebiosynthese, aus pathogenen Erregern insbesondere aus Mycobacterium tuberculosis, um neue Inhibitoren zu entwickeln, die sowohl gegen sensible als auch resistente Erreger wirksam sind.</subfield>
  </datafield>
  <datafield tag="909" ind1="C" ind2="O">
    <subfield code="o">oai:juser.fz-juelich.de:976839</subfield>
    <subfield code="p">authority:GRANT</subfield>
    <subfield code="p">authority</subfield>
  </datafield>
  <datafield tag="980" ind1=" " ind2=" ">
    <subfield code="a">G</subfield>
  </datafield>
  <datafield tag="980" ind1=" " ind2=" ">
    <subfield code="a">AUTHORITY</subfield>
  </datafield>
  <datafield tag="909" ind1="C" ind2="O">
    <subfield code="o">oai:juser.fz-juelich.de:976839</subfield>
  </datafield>
</record>
</collection>